02100agaaa2200289 45000010005000000030009000050050017000140070009000310080040000400400023000800410013001031000047001161300019001632450196001822500022003782600149004003000033005495080182005825110089007645200696008535380016015495460013015656500057015787000055016357000059016907000061017497954IT-RoPAU20220918181228.0d cvaizq50131s9999||||xx ||| | || ||und|| aIT-RoPAUcIT-RoPAU aITALIANO aTorre RobertagCodice regista SPICS: 59180 aTANO DA MORIRE aTANO DA MORIREcProdotto da: Palermo Donatella -- Sceneggiatura: Torre Roberta Sodaro Gianluca Paglino Enzo -- Diretto da: Torre RobertapTANO DA MORIRE (Rif. Codice opera principale : H7954) aEdizione Standard a(ITALIA)bA.S.P. - RAI TRE - DANIA FILM - LUCKY RED - TEL / Distribuzione: MULTIMEDIA SAN PAOLOg"1997 (1° ed.: 2007 ; Ed. Lingua Orig.: 1997)" aDVDbsonoro, col.c75 minuti a"Fotografia: Cipri' Daniele; Montaggio: Franchini Giorgio; Musica: D'Angelo Nino; Sceneggiatura: Torre Roberta Sodaro Gianluca Paglino Enzo; Scenografia: Russo Claudio Lupo F; " a"Guarino Ciccio; Paglino Enzo; De; Rosalia Mimma; Aliotta Maria; Confalone Anna; M." aA PALERMO TANO GUARRASI VIENE UCCISO PER MANO DI UN KILLER MANDATO DAI CORLEONESI DURANTE LA SANGUINOSA GUERRA DI MAFIA DEL 1988. UNA DELLE SUE SORELLE, FRANCA, DONNA PROSPEROSA E CORAGGIOSA, BENCHE' ARRIVATA AD OLTRE QUARANTA ANNI, DECIDE FINALMENTE DI SPOSARSI. MA TANO, INTENZIONATO A TUTELARE ANCORA LA SORELLA, IL GIORNO DELLE NOZZE SI FA SENTIRE DALL'ALDILA'. INTORNO TUTTO IL QUARTIERE PARTECIPA AGLI EVENTI: LE DONNE DAL PARRUCCHIERE, I LAVORATORI AI BANCHI DEL MERCATO, LE IPOTESI GIORNALISTICHE E TELEVISIVE. LA STORIA DI TANO VIENE FUORI A POCO A POCO IN FLASHBACK, RACCONTATA DA AMICI, PARENTI E CONOSCENTI. IL PRIMO MUSICAL SULLA MAFIA. CONTRIBUTI EXTRA: BACKSTAGE E INTERVISTE. aPAL, STEREO aITALIANO aMUSICALEeDVD-FILM [DVD]xCodice MATERIA SPICS: 9947 aD'Angelo Ninoe(musica)gCodice Musica SPICS: 9792 aTorre Roberta e(regista)gCodice regista SPICS: 59180 aTorre Roberta e(soggetto)gCodice Soggetto SPICS: 59180